000 00557nam a2200193 a 4500
005 20140310183221.0
008 030908s19uu xx 00 eng d
020 _a0071130128
050 _aRC 467
_b.C596 2002
100 _aCompas, Bruce E.
245 0 _aIntroduction to clinical psychology :
_bscience and practice /
_cBruce E. Compas.
260 _aBoston :
_bMcGraw-Hill,
_c2002.
300 _a544 p. :
_bill. ;
_c24 cm.
500 _aIncludes Index
521 _aPSYCH
650 _aClinical psychology
942 _cBK
_2lcc
_kFOR
999 _c20314
_d20314